Epidemiological survey of Newcastle disease in kandal stoeng district, kandal province; ការអង្កែតពីការរាត្បាតនៃជំងឺញ៉ូវកាសមាន់ដែលជួបប្រទះនៅស្រុកកណ្តាលស្ទឹង ខេត្តកណ្តាល (Record no. 9294)

000 -LEADER
fixed length control field 00643nam a22001337a 4500
040 ## - CATALOGING SOURCE
Transcribing agency RUA
082 ## - DEWEY DECIMAL CLASSIFICATION NUMBER
Classification number VEM VUT 2015 B509 Or.
100 ## - MAIN ENTRY--AUTHOR NAME
Personal name VUTHY PUTHIK; វុទ្ធី ពុទ្ធិ
245 ## - TITLE STATEMENT
Title Epidemiological survey of Newcastle disease in kandal stoeng district, kandal province; ការអង្កែតពីការរាត្បាតនៃជំងឺញ៉ូវកាសមាន់ដែលជួបប្រទះនៅស្រុកកណ្តាលស្ទឹង ខេត្តកណ្តាល
260 ## - PUBLICATION, DISTRIBUTION, ETC. (IMPRINT)
Place of publication RUA
Name of publisher Phnom Penh
Year of publication 2015
300 ## - PHYSICAL DESCRIPTION
Number of Pages ix;39p.
Other physical details ill.
Dimensions 29cm.
856 ## - ELECTRONIC LOCATION AND ACCESS
Uniform Resource Identifier VUTHY PUTHIK
942 ## - ADDED ENTRY ELEMENTS (KOHA)
Koha item type VEM
952 ## - LOCATION AND ITEM INFORMATION (KOHA)
Withdrawn status [LOCAL, KOHA] 0
952 ## - LOCATION AND ITEM INFORMATION (KOHA)
Withdrawn status [LOCAL, KOHA] 0
952 ## - LOCATION AND ITEM INFORMATION (KOHA)
Withdrawn status [LOCAL, KOHA] 0
952 ## - LOCATION AND ITEM INFORMATION (KOHA)
Withdrawn status [LOCAL, KOHA] 0
952 ## - LOCATION AND ITEM INFORMATION (KOHA)
Withdrawn status [LOCAL, KOHA] 0
952 ## - LOCATION AND ITEM INFORMATION (KOHA)
Withdrawn status [LOCAL, KOHA] 0
952 ## - LOCATION AND ITEM INFORMATION (KOHA)
Withdrawn status [LOCAL, KOHA] 0
952 ## - LOCATION AND ITEM INFORMATION (KOHA)
Withdrawn status [LOCAL, KOHA] 0
952 ## - LOCATION AND ITEM INFORMATION (KOHA)
Withdrawn status [LOCAL, KOHA] 0
952 ## - LOCATION AND ITEM INFORMATION (KOHA)
Withdrawn status [LOCAL, KOHA] 0
Holdings
Permanent Location Date acquired Koha item type Lost status Barcode Shelving location Current Location Full call number
Library Block B2016-08-30VEM RUA061852 Library Block BVEM VUT 2015 B509 Or.1
Library Block B2016-08-30VEM RUA061788 Library Block BVEM VUT 2015 B509 Or.2
Library Block B2016-08-30VEM RUA061908 Library Block BVEM VUT 2015 B509 Or.3
Library Block B2016-08-30VEM RUA061668 Library Block BVEM VUT 2015 B509 Or.4
Library Block B2016-08-30VEM RUA061608 Library Block BVEM VUT 2015 B509 Or.5
Library Block B2016-08-30VEM RUA062572 Library Block BVEM VUT 2015 B509 Or.6
Library Block B2016-09-26VEM A01562 Library Block BVEM VUT 2015 B509 Or.7
Library Block B2016-09-26VEM RUA062558 Library Block BVEM VUT 2015 B509 Or.8
Library Block B2021-11-12VEM A066673B692Library Block BVEM VUT 2015 B692 Or.
Library Block B2021-11-12VEM A066685B692Library Block BVEM VUT 2015 B692 Or.
មជ្ឈមណ្ឌលឯការនៃសាកលវិទ្យាល័យភូមិន្ទកសិកម្មចំការដូង

Powered by Koha